000 00445nam a2200169Ia 4500
008 221030s9999 xx 000 0 und d
020 _a8121900085
041 _aEnglish
082 _a105.23
_bCHa
100 _aD. Chattopadhyay
245 0 _aFundamentals of Electric Circuit Theory
_cby D. Chattopadhyay, P. C. Rakshit
260 _bS.Chand & Co.
_aNew Delhi
_c2000
300 _a421
650 _aEE
700 _aP. C. Rakshit
942 _cBK
999 _c5913
_d5913